1249 1284 1937 1373 1617 1994 1080 1122 1251 1073 1361 1504 1054 1148 1310 1801 1159 1623 1786 1129 1548 1932 1787 1936 1979 1205 1950 1233 1770 1319 1110 1640 1204 1366 1260 1393 1618 1436 1378 1443 1381 1697 1357 1334 1312 1206 1773 1694 1109 1967 1556 1177 1685 1579 1987 1419 1670 1697 1045 1153 1684 1782 1206 1434 1536 1686 1761 1265 1477 1508 1866 1830 1043 1563 1558 1447 1076 1699 1705 1599 1533 1331 1147 1740 1440 1087 1174 1841 1443 1306 1119 1242 1983 1478 1073 1928 1361 1900 1855 BCNSPRNW ULIB Ver.6.0+V

เปลี่ยนเป็นภาษาไทย

Change to English
 แสดงรายละเอียดบรรณานุกรม
  กลับหน้าหลัก

Brief Record : Get Marc (ISO 2709) : E-mail record : QR code < ปิดหน้าต่าง
LEADER : 00000nam 2200000uu 4500
001    13399127181
003     ULIB
008    191019s2017||||th 000 0 tha d
020    ^a9781438077031 (pbk.)
050  4 ^aPE1128^bL887B
100 1  ^aLougheed, Lin,^d1946
245 10 ^aBarron s essential words for the IELTS /^cLin Lougheed
246 30 ^aEssential words for the IELTS
250    ^a3rd ed.
260    ^aHauppauge, N.Y. :^bBarron s Educational Series,^c2017
300    ^a379 p. :^bill. ;^c23 cm. +^e1 CD-ROM
650  0 ^aInternational English Language Testing System^vStudyguides
650  0 ^aEnglish language^vTextbooks for foreign speakers
650  0 ^aEnglish language^xExaminations^vStudy guides
650  0 ^aVocabulary^xExaminations^vStudy guides
653    ^aIELTS
945    ^p0^l0^i27873
999    ^aกัณชพร จุลอักษร
รายการนี้ยังไม่มีแท็ก
คุณยังไม่ได้ล็อกอิน คุณสามารถมีกิจกรรมร่วมกับเว็บไซต์ได้ แต่ต้องล็อกอินก่อน ::
  ล็อกอิน

รายการสื่อสารสนเทศ

ลำดับที่ ประเภท เลขเรียก/บาร์โค้ด สถานที่ สถานะ
1. วิทยาศาสตร์การแพทย์ และสุขภาพ
วิทยาศาสตร์การแพทย์ และสุขภาพ
PE1128 L887B ฉ.1 
  Barcode: 27873
ห้องสมุดวิทยาเขตนครสวรรค์
►หนังสือทั่วไป:l:General Books
บนชั้น

BibComment


ยังไม่เคยถูกคอมเมนท์

คอมเมนท์ทรัพยากรรายการนี้
  คอมเมนท์: Barron s essenti..


 Copyright 2026. Bcnsprnw @Library